[Event "US Open"]
[Site "Palm Springs, CA"]
[Date "2022.08.06"]
[Round "8"]
[White "Benedek, Roy"]
[Black "Gupta, Anand"]
[Result "1-0"]
[WhiteElo "1997"]
[BlackElo "1777"]
[PlyCount "75"]
[EventDate "2022.08.02"]
[EventType "swiss"]
[EventRounds "9"]
[EventCountry "USA"]

1. c4 c5 2. g3 g6 3. Bg2 Bg7 4. Nf3 Nc6 5. Nc3 e5 6. O-O Nge7 7. a3 d6 8. b4
cxb4 9. axb4 Nxb4 10. Ba3 Nbc6 11. Ne4 O-O 12. Nxd6 Qc7 13. Rb1 Rd8 14. c5 Nf5
15. Ng5 Nxd6 16. cxd6 Qd7 17. Bd5 Rf8 18. Qa4 Qf5 19. d7 Bxd7 20. Bxf8 Rxf8 21.
Rxb7 Nb8 22. Qh4 h6 23. Nxf7 Kh7 24. e4 Qg4 25. Qe7 Re8 26. Qd6 Bf8 27. Nxe5
Qh5 28. Rxd7+ Nxd7 29. Qxd7+ Re7 30. Qd8 Kg7 31. Nd7 Qf3 32. Ra1 g5 33. Rxa7 g4
34. Ra1 h5 35. Nxf8 h4 36. Qxe7+ Kh6 37. Qh7+ Kg5 38. Qxh4# 1-0

[Event "US Open"]
[Site "Palm Springs, CA"]
[Date "2022.08.07"]
[Round "9"]
[White "Mork, Nick"]
[Black "Gupta, Anand"]
[Result "0-1"]
[WhiteElo "1434"]
[BlackElo "1777"]
[Annotator "Anand Gupta"]
[PlyCount "104"]
[EventDate "2022.08.02"]
[EventType "swiss"]
[EventRounds "9"]
[EventCountry "USA"]

{[%evp 0,104,19,31,14,19,46,39,39,8,25,23,23,9,46,51,36,0,64,24,40,46,58,19,42,
49,91,35,33,16,21,-33,-30,-72,-76,-74,-8,-18,8,-50,-45,-48,0,-54,26,27,15,20,
155,151,152,165,165,175,172,179,168,173,180,198,200,130,189,152,189,189,187,
190,186,192,188,227,249,245,259,274,270,266,236,178,175,193,224,118,101,101,
101,101,213,0,0,0,0,0,0,-196,-198,-637,-730,-749,-749,-758,-749,-758,-466,-766,
-774]} 1. d4 Nf6 2. Bf4 g6 3. Nc3 d5 4. Qd2 Ne4 5. Nxe4 dxe4 6. c3 c5 7. e3 Bg7
8. h4 h6 9. O-O-O Nc6 10. f3 e5 11. dxe5 Qxd2+ 12. Rxd2 Nxe5 13. Bxe5 Bxe5 14.
Bb5+ Ke7 15. Rd5 Bd6 16. a3 Be6 17. Rd2 Bb3 18. fxe4 c4 19. e5 Bc5 20. Rd7+ Ke6
21. Rxb7 Rhd8 22. Nf3 (22. Rc7 Bxe3+ 23. Kb1) 22... Bxe3+ 23. Kb1 Rd3 (23...
Rd5 24. Rc7) 24. Rc7 Rad8 25. Bxc4+ Bxc4 (25... R8d5) 26. Rxc4 Rd1+ 27. Rxd1
Rxd1+ 28. Kc2 Rf1 (28... Rc1+) 29. Kd3 (29. Re4 Bb6 30. Re2 Kf5) 29... Bb6 30.
Re4 Kf5 31. Re2 Kf4 (31... Rd1+ 32. Kc2 Rf1) 32. e6 fxe6 33. Rxe6 Kf5 (33... g5
34. Rxh6 g4 35. Nd2 Rg1 36. b4 Be3 37. c4) 34. Re2 Kf4 35. c4 Rd1+ 36. Kc2 Ra1
37. Re6 g5 38. Rxh6 g4 39. Nd2 Rg1 40. b4 Be3 41. c5 Rxg2 42. Rd6 g3 43. c6 Ke5
44. c7 Kxd6 45. c8=Q Rxd2+ 46. Kc3 g2 47. Qd8+ Ke5 48. Qe7+ Kf4 49. Qg5+ Kf3
50. Qf5+ (50. Qf6+) 50... Kg3 51. Qe5+ Kf2 52. Qf5+ Ke1 0-1

[Event "Irwin"]
[Site "Palm Springs, CA"]
[Date "2022.08.01"]
[Round "5"]
[White "Readey, John"]
[Black "Altchur, James"]
[Result "1-0"]
[WhiteElo "2286"]
[BlackElo "2079"]
[Annotator "John Readey"]
[PlyCount "103"]
[EventDate "2022.??.??"]
[EventCountry "USA"]

1. d4 d6 2. c4 e5 3. Nc3 Nc6 4. Nf3 g6 5. g3 {I had the feeling that James was
trying to lure me into playing d5. Black could then play Ne7, f5, and Nf6
trying to get a KID structure saving two tempos with the knight. That's likey
not too bad for White either, but keeping the center fluid seems like a better
try.} Bg7 6. dxe5 Nxe5 7. Nxe5 Bxe5 (7... dxe5 8. Qxd8+ Kxd8 9. Bg5+ f6 10.
O-O-O+ Bd7 11. Bh3 $18 {so Black has to put his Bishop on the awkward e5
square.}) 8. Bg2 c6 9. O-O Be6 10. Qd3 (10. Ne4 Bxc4 11. Bg5 {is an
interesting possibility}) 10... Qc7 11. Be3 $6 {there was no reason not to
play e4 right away} Ne7 12. Rac1 Nf5 13. Bd2 h5 $2 {this is too agressive. O-O
was about equal} 14. e4 Nh6 15. f4 Bg7 16. f5 Bd7 17. f6 ({I spend along time
looking at fxg6, but after} 17. fxg6 fxg6 18. e5 Bf5 19. Qxd6 Qxd6 20. exd6
Bd4+ 21. Kh1 Ng4 22. Rce1+ Kd7 23. Re7+ Kxd6 24. Rxb7 Nf2+ 25. Rxf2 Bxf2 {
The computer says white is better, but this was hard to figure out at the
board.}) 17... Bf8 18. h3 {Now the f8 bishop, knight, and h8 rook are stuck.}
Be6 19. Nd5 Qd7 20. Nf4 {I could have just left the N on d5 and played Rfe1}
O-O-O 21. Be3 Kb8 22. Qa3 b6 23. Qa4 c5 24. Qd1 Kc7 25. Qf3 Rb8 26. Rfd1 g5 27.
Nxe6+ fxe6 28. Bxg5 {better was e5!} Nf7 29. Bf4 e5 30. Be3 Bh6 31. Bxh6 Rxh6
32. h4 {Now that Black has gotten rid of his bad bishop white is only slightly
better} Qe6 33. Rf1 Rf8 34. Qf5 Nd8 35. Qg5 Rfxf6 36. Qg7+ Qf7 37. Qxf7+ Rxf7
38. Rxf7+ Nxf7 39. Rf1 Nd8 40. Bf3 Nc6 41. Bd1 Nb4 (41... Nd4 42. Rf7+ Kb8 $16
{The knight looks good on d4, but doesn't actually threaten anything. White
will move his King up and break with g4.}) 42. Rf7+ Kb8 43. Rf5 Nxa2 44. Rxh5
Rg6 $2 (44... Rxh5 $16) 45. Rg5 Rh6 46. h5 Kc7 $2 (46... Rh8 $142) 47. Rg6 Rh7
48. h6 $18 Kc6 49. Ba4+ b5 50. Bxb5+ Kb6 51. Rxd6+ Kc7 52. Rd7+ 1-0